000 00295nam a2200109Ia 4500
005 20251222114406.0
008 251222s1900||||xx |||||||||||||| ||spa||
082 _aDVD0092/S25N/2006
245 0 _aNuestra Señora de la Merced
264 _bCastillejo, Christian. Salas Delgado, Raúl
942 _cDVD
999 _c1856
_d1856